[Event "Valencia-ch op"]
[Site "Puerto de Sagunto"]
[Date "2017.04.22"]
[Round "1"]
[White "Roig Aguilar, Alejandro"]
[Black "Leone, Clarissa"]
[Result "1-0"]
[WhiteElo "2213"]
[BlackElo "1720"]
[PlyCount "67"]
[EventDate "2017.04.22"]
[EventType "swiss"]
[EventRounds "7"]
[EventCountry "ESP"]
[SourceTitle "EXT 2024"]
[Source "ChessBase"]
[SourceDate "2023.10.10"]
[SourceVersion "1"]
[SourceVersionDate "2023.10.10"]
[SourceQuality "1"]

1. e4 d5 2. exd5 Nf6 3. Bb5+ Bd7 4. Be2 Nxd5 5. d4 Nc6 6. c4 Nf6 7. Nf3 a5 8. 0-0 g6 9. Nc3 Bg7 10. Bf4 Nh5 11. Be3 0-0 12. Qd2 f5 13. Bh6 e6 14. d5 Ne7 15. Rad1 f4 16. Bxg7 Nxg7 17. Ne5 exd5 18. cxd5 Kh8 19. Ne4 Be8 20. Bf3 Ng8 21. Qc3 Nf6 22. Nc5 g5 23. Rfe1 h5 24. Ne6 Nxe6 25. dxe6 Qe7 26. Rd7 Qb4 27. Rxc7 Qxc3 28. bxc3 g4 29. Bxb7 Rb8 30. c4 h4 31. c5 g3 32. hxg3 hxg3 33. f3 Rd8 34. e7 1-0

[Event "ITA-ch (Women)"]
[Site "Bratto"]
[Date "2008.08.26"]
[Round "5"]
[White "Leone, Clarissa"]
[Black "Messina, Roberta"]
[Result "0-1"]
[WhiteElo "1793"]
[BlackElo "1904"]
[PlyCount "68"]
[EventDate "2008.08.22"]
[EventType "swiss"]
[EventRounds "9"]
[EventCountry "ITA"]
[SourceTitle "CBM 126 Extra"]
[Source "ChessBase"]
[SourceDate "2008.11.05"]
[SourceVersion "1"]
[SourceVersionDate "2008.11.05"]
[SourceQuality "1"]

1. d4 Nf6 2. Nf3 b6 3. Bg5 Ne4 4. Bh4 Bb7 5. e3 d6 6. Nbd2 Nd7 7. c3 Ndf6 8. Bb5+ c6 9. Bd3 d5 10. Ne5 Nxd2 11. Qxd2 g6 12. f4 Ne4 13. Bxe4 dxe4 14. 0-0 Bg7 15. Bg3 f6 16. Ng4 h5 17. Qe2 Qc8 18. Nf2 h4 19. Nxe4 c5 20. Qc2 hxg3 21. Nxg3 Kf7 22. f5 gxf5 23. Rxf5 Qe6 24. e4 cxd4 25. cxd4 Rac8 26. Qf2 Qc4 27. Rf1 Qc2 28. Qf4 Qxb2 29. Qe5 Rc2 30. Nh5 Rxg2+ 31. Kh1 Rg6 32. R5f2 Rxh5 33. Qxh5 Bxe4+ 34. Rf3 Qg2# 0-1

[Event "ITA-ch (Women)"]
[Site "Bratto"]
[Date "2008.08.25"]
[Round "4"]
[White "Polin, Giulia"]
[Black "Leone, Clarissa"]
[Result "1/2-1/2"]
[WhiteElo "1551"]
[BlackElo "1793"]
[PlyCount "45"]
[EventDate "2008.08.22"]
[EventType "swiss"]
[EventRounds "9"]
[EventCountry "ITA"]
[SourceTitle "CBM 126 Extra"]
[Source "ChessBase"]
[SourceDate "2008.11.05"]
[SourceVersion "1"]
[SourceVersionDate "2008.11.05"]
[SourceQuality "1"]

1. e4 d5 2. exd5 Qxd5 3. Nc3 Qd6 4. Nf3 Nf6 5. Bc4 e6 6. 0-0 Be7 7. d3 Nc6 8. Nb5 Qd7 9. Bf4 Bd8 10. Re1 Na5 11. Ne5 Qe7 12. Re3 a6 13. Nd4 Nxc4 14. dxc4 0-0 15. Qe2 Qc5 16. Rd1 Be7 17. Rg3 Ne8 18. c3 Bf6 19. b4 Qa7 20. c5 Bxe5 21. Bxe5 f6 22. Bf4 e5 23. Bh6 1/2-1/2

[Event "ITA-ch (Women)"]
[Site "Bratto"]
[Date "2008.08.23"]
[Round "2"]
[White "Monticone, Sonia"]
[Black "Leone, Clarissa"]
[Result "1/2-1/2"]
[WhiteElo "1787"]
[BlackElo "1793"]
[PlyCount "63"]
[EventDate "2008.08.22"]
[EventType "swiss"]
[EventRounds "9"]
[EventCountry "ITA"]
[SourceTitle "CBM 126 Extra"]
[Source "ChessBase"]
[SourceDate "2008.11.05"]
[SourceVersion "1"]
[SourceVersionDate "2008.11.05"]
[SourceQuality "1"]

1. c4 e6 2. d4 d5 3. Nc3 Nf6 4. Nf3 Be7 5. e3 Nbd7 6. cxd5 exd5 7. Bd3 c6 8. b3 0-0 9. 0-0 Re8 10. Bb2 Bf8 11. Rc1 Ne4 12. Bb1 f5 13. Nd2 Qg5 14. Ne2 Bd6 15. Nf3 Qh6 16. g3 Ndf6 17. Bc3 g5 18. Bd3 f4 19. exf4 gxf4 20. Bd2 Bg4 21. Bxf4 Qh5 22. Nh4 Bxf4 23. f3 Be3+ 24. Kg2 Bxc1 25. Qxc1 Ng5 26. fxg4 Qxg4 27. Rxf6 Rxe2+ 28. Bxe2 Qxe2+ 29. Rf2 Qe4+ 30. Nf3 Ne6 31. Qd2 Rf8 32. Qd1 1/2-1/2